000
00258nam a22001097a 4500
008
160419b xxu||||| |||| 00| 0 eng d
020
_a
9780323052511
041
_a
eng
080
_a
618.2
245
_a
Fundamentals of Nursing:
_c
Geralyn Ochs;
942
_2
udc
_c
BK
999
_c
1444
_d
1444